Statystyki dla Tramwaje Warszawa- Linia 6 (przystanki)

Kliknij tutaj aby rozwiązać quiz!

Ogólne statystyki

  • Ten quiz został rozwiązany 75 razy
  • Średni wynik to 29 z 42

Statystyki odpowiedzi

Numer przystankuNazwa przystanku% Poprawnych
42.Metro Młociny
90%
2.Gocławek
88%
1.Gocławek
88%
18.Dworzec Wileński
85%
27.Dworzec Gdański
82%
8.Wiatraczna
82%
17.Ząbkowska
82%
16.Kijowska
77%
32.Metro Marymont
75%
31.Plac Wilsona
75%
30.Plac Wilsona
75%
22.Rondo Starzyńskiego
75%
21.Rondo Starzyńskiego
75%
36.AWF
73%
29.Plac Inwalidów
73%
19.Ratuszowa-ZOO
73%
15.Aleja Zieleniecka
72%
24.Most Gdański
72%
23.Wybrzeże Helskie
72%
28.Generała Zajączka
70%
26.KS Polonia
70%
20.Plac Hallera
70%
5.Plac Szembeka
70%
41.Zajezdnia Żoliborz
70%
25.Park Traugutta
68%
11.Praga Południe-ratusz
67%
6.Wspólna Droga
67%
40.Cmentarz Włoski
63%
9.Kickiego
63%
33.Park Kaskada
63%
38.UKSW
63%
3.Kwatery Głównej
62%
14.Lubelska
62%
37.Szpital Bielański
62%
39.Przy Agorze
58%
7.Czapelska
55%
10.Międzyborska
55%
4.Żółkiewskiego
53%
13.Bliska
52%
12.Gocławska
52%
34.Żeromskiego
50%
35.Podleśna-IMiGW
43%

Rozkład punktacji

Percentyl według liczby udzielonych odpowiedzi

Procent ludzi z każdym wynikiem

Twoja historia wyników

Nie rozwiązałeś tego quizu